
Library Catalogue

| 000 -LEADER | |
|---|---|
| fixed length control field | 01736nam a2200205Ia 4500 |
| 003 - CONTROL NUMBER IDENTIFIER | |
| control field | OSt |
| 005 - DATE AND TIME OF LATEST TRANSACTION | |
| control field | 20210406170714.0 |
| 008 - FIXED-LENGTH DATA ELEMENTS--GENERAL INFORMATION | |
| fixed length control field | 160316s2012 xxu||||| |||| 00| 0 eng d |
| 040 ## - CATALOGING SOURCE | |
| Transcribing agency | NLS |
| 082 ## - DEWEY DECIMAL CLASSIFICATION NUMBER | |
| Classification number | 345.01 ASH-1 |
| Item number | ASH-1 |
| 100 ## - MAIN ENTRY--PERSONAL NAME | |
| Personal name | Ashoka |
| 245 ## - TITLE STATEMENT | |
| Title | Criminal justice administration |
| 260 ## - PUBLICATION, DISTRIBUTION, ETC. | |
| Place of publication, distribution, etc. | Mysore |
| Name of publisher, distributor, etc. | Sudha Publications |
| Date of publication, distribution, etc. | 2012 |
| 300 ## - PHYSICAL DESCRIPTION | |
| Extent | 251p |
| 365 ## - TRADE PRICE | |
| Price amount | Rs. 350 |
| 505 ## - FORMATTED CONTENTS NOTE | |
| Formatted contents note | 1. Penology <br/>2.Theories of punishment <br/>3. Forms of punishment <br/>4. Prison system<br/>5. Unusual problems in corrections<br/>6. Probation <br/>7. Parole <br/>. Advantages of parole g. Success or failure of parole <br/>8. Programmers' for the offender <br/>9. Community based corrections <br/>10. Application of psycho-therapy in the correction of offenders<br/>11. The role of family in relation to crime and delinquency<br/>12. Crime and delinquency in relation to urbanism and industrialization <br/>13. The role of mass medias to crime and delinquency Contents <br/>14. Juveniles in conflict rvith law or Juvenile delinquency <br/>15. Pornographic literature <br/>16. Prostitution<br/>17. Suicide <br/>18. Alcoholism <br/>19. Drug addiction <br/>20. Dowry menace <br/>21. Terrorism <br/>22. Communal Violence <br/>23. Concept of normal and abnormal behavior <br/>24. Personality type in relation to crime and delinquency <br/>25. Psychoses in relation to crime and delinquency <br/>26. Psychoneuroses in relation to crime and delinquency <br/>27. Manias in relation to crime and delinquency <br/>28. Mental deficiencv in relation to crime and delinquency. <br/>29. Psycho-sexual behaviours in relation to crime and delinquency <br/>Objective questions <br/>Appendix <br/>Bibliography <br/><br/> |
| 650 ## - SUBJECT ADDED ENTRY--TOPICAL TERM | |
| Topical term or geographic name entry element | 1.Criminal Justice System - India2.Criminal Justice - Administration - India |
| 700 ## - ADDED ENTRY--PERSONAL NAME | |
| Personal name | |
| -- | |
| 942 ## - ADDED ENTRY ELEMENTS (KOHA) | |
| Source of classification or shelving scheme | Dewey Decimal Classification |
| Koha item type | BOOKs |
| Withdrawn status | Lost status | Damaged status | Not for loan | Home library | Current library | Shelving location | Date acquired | Cost, normal purchase price | Total Checkouts | Full call number | Barcode | Date last seen | Price effective from | Koha item type |
|---|---|---|---|---|---|---|---|---|---|---|---|---|---|---|
| . | . | 30.05.2017 | 350.00 | 345.01 ASH-1 | 31410 | 30.05.2017 | 30.05.2017 | BOOKs |